000 00538nam a22001577a 4500
005 20120507110724.0
020 _a8186803629
_c475.00
035 _aB-29677
037 _aDPL
_bENG
100 _aBarla, C.S.
_946518
245 _aManagerial economics /
_cby C.S. Barla
260 _aJaipur
_bNational Publishing House
_c2000
300 _aiii, 245p.
_c20 cms.
942 _2ddc
_cEN
_h331.714
_mBAR
999 _c66248
_d66248